Contemporary engineering economics (Record no. 2014)

000 -LEADER
fixed length control field 00571nam a22002054a 4500
001 - CONTROL NUMBER
control field 2014
003 - CONTROL NUMBER IDENTIFIER
control field BD-DhUET
008 - FIXED-LENGTH DATA ELEMENTS--GENERAL INFORMATION
fixed length control field 160220b xxu||||| |||| 00| 0 eng d
020 ## - INTERNATIONAL STANDARD BOOK NUMBER
International Standard Book Number 0130893102
040 ## - CATALOGING SOURCE
Original cataloging agency DLC
Transcribing agency DLC
Modifying agency BD-DhUET
Language of cataloging 0
082 00 - DEWEY DECIMAL CLASSIFICATION NUMBER
Classification number 658.15
Item number PAR/2002
100 1# - MAIN ENTRY--PERSONAL NAME
Personal name Park, Chan S.
245 10 - TITLE STATEMENT
Title Contemporary engineering economics
Statement of responsibility, etc. by Chan S. Park
250 ## - EDITION STATEMENT
Edition statement 3rd ed.
260 ## - PUBLICATION, DISTRIBUTION, ETC. (IMPRINT)
Place of publication, distribution, etc. New Jersey
Name of publisher, distributor, etc. Prentice Hall
Date of publication, distribution, etc. 2002
300 ## - PHYSICAL DESCRIPTION
Extent xxxi, 920 p.
Other physical details ill. (some col.), map
Dimensions 24 cm.
504 ## - BIBLIOGRAPHY, ETC. NOTE
Bibliography, etc Includes bibliographies
650 #0 - SUBJECT ADDED ENTRY--TOPICAL TERM
Topical term or geographic name as entry element Engineering economy
942 ## - ADDED ENTRY ELEMENTS (KOHA)
Koha item type General Book
Holdings
Koha date last seen Shelving location Koha date last borrowed Sublocation or collection (holding branch) Koha item type Damaged status Lost status Koha normalized classification for sorting Copy number Source of classification or shelving scheme Piece designation (barcode) Koha issues (times borrowed) Not for loan Date acquired Price effective from Koha full call number Location (home branch) Withdrawn status
2014-09-16Circulation section Central Library, BUETGeneral Book  658_000000000000000_15PAR20021 102575  2014-09-162014-09-16658.15/PAR/2002Central Library, BUET 
2014-09-16Circulation section Central Library, BUETGeneral Book  658_000000000000000_15PAR20022 102580  2014-09-162014-09-16658.15/PAR/2002Central Library, BUET 
2019-04-13Circulation section2018-11-12Central Library, BUETGeneral Book  658_000000000000000_15PAR20023 1025741 2014-09-162014-09-16658.15/PAR/2002Central Library, BUET 
2014-09-16Circulation section Central Library, BUETGeneral Book  658_000000000000000_15PAR20024 102579  2014-09-162014-09-16658.15/PAR/2002Central Library, BUET 
2014-09-16Circulation section Central Library, BUETGeneral Book  658_000000000000000_15PAR20025 102581  2014-09-162014-09-16658.15/PAR/2002Central Library, BUET 
2014-09-16Circulation section Central Library, BUETGeneral Book  658_000000000000000_15PAR20026 102576  2014-09-162014-09-16658.15/PAR/2002Central Library, BUET 
2014-09-16Circulation section Central Library, BUETGeneral Book  658_000000000000000_15PAR20027 102578  2014-09-162014-09-16658.15/PAR/2002Central Library, BUET 
2014-09-16Circulation section Central Library, BUETGeneral Book  658_000000000000000_15PAR20028 102577  2014-09-162014-09-16658.15/PAR/2002Central Library, BUET 
2014-09-16Circulation section Central Library, BUETGeneral Book  658_000000000000000_15PAR20029 102573  2014-09-162014-09-16658.15/PAR/2002Central Library, BUET 
2017-04-15Circulation section Central Library, BUETGeneral Book  658_150000000000000_PAR_200210 102582  2006-06-262017-04-15658.15/PAR/2002Central Library, BUET